| 000 | 00696nam a22002657a 4500 | ||
|---|---|---|---|
| 001 | BR8807461 | ||
| 003 | BR-BrBNA | ||
| 005 | 20230928093113.0 | ||
| 007 | ta | ||
| 008 | 230509b bl.||||| |||| 00| 0 por d | ||
| 040 |
_aBR-BrBNA _bpor _cBiblioteca Nacional de Agricultura |
||
| 041 | _a(Por) | ||
| 072 |
_aL70 _b5212 _b3888 |
||
| 090 | _ 5212 BR8807461 | ||
| 110 | 1 |
_aMinisterio da Agricultura, Brasilia, DF (Brasil) _96753 |
|
| 245 | 1 | _aVacinacao dos rebanhos | |
| 260 | 3 |
_aBrasilia, DF (Brasil): _c[nd]. |
|
| 300 | _a9 p. | ||
| 500 | _aPublished after 1960 | ||
| 650 | _aREBANHO | ||
| 650 | _aVACINA | ||
| 650 | _aIMUNIZACAO | ||
| 909 |
_a202309 _bLucia _c55 _dLucia Elande |
||
| 942 | _cBK | ||
| 999 |
_c43011 _d43011 |
||